One Piece: Les personnages décédés - Statistiques

Statistiques générales
  • Ce quiz a été pris 550 fois
  • Le résultat moyen est 19 sur 125
Statistiques - réponses
Réponse % Correct
Portgas D. Ace
97%
Edward Newgate
89%
Gol D Roger
86%
Kozuki Oden
65%
Don Quichotte Rossinante
58%
Belmer
56%
Portgas D. Rouge
53%
Pedro
52%
Rocks D. Xebec
49%
Shimotsuki Kuina
49%
Tom
46%
Kozuki Toki
45%
Nico Olvia
45%
Fisher Tiger
43%
Hiluluk
43%
Izo
42%
Nefertari Cobra
41%
Absalom
40%
Clover
39%
Shimotsuki Ryuma
38%
Otohime
36%
Kurozumi Orochi
33%
Monblanc Norland
33%
Oz
33%
Ashura Doji
32%
Joy Boy
32%
Vinsmoke Sora
30%
Kurozumi Kanjuro
29%
Monet
28%
Calgara
25%
Higuma
22%
Shimotsuki Yasuie
22%
Vergo
21%
Captain John
20%
Carmel
20%
Trafalgar D Water Lamy
20%
Scarlett
19%
T-Bone
18%
Thatch
18%
Victoria Cindry
18%
Nefertari Titi
16%
Yorki
16%
Don Quichotte Homing
13%
Bluejam
12%
Charlotte Opera
12%
Van der Decken
12%
Bankina
11%
Kurozumi Higurashi
11%
Kurozumi Semimaru
11%
Smiley
10%
Laura
8%
Porchemy
8%
Russian
8%
Hack
7%
Hildon
7%
Jigoro
7%
Mr 11
7%
Shimotsuki Kozaburo
7%
Chienguin
6%
Mousse
6%
Shimotsuki Ushimaru
6%
Davy Jones
5%
Gimlett
5%
King Baum
5%
Kumacy
5%
Jorl
4%
Louis Arnote
4%
Maha
4%
Pudding Pudding
4%
Roshio
4%
Seto
4%
X Barrels
4%
Bao
3%
Barrel
3%
Cerbère
3%
Douleur
3%
Frères Risky
3%
Herb
3%
Hippo-gentleman
3%
Kashigami
3%
Kotetsu
3%
Moc donald
3%
Nin
3%
Oran
3%
Roche
3%
Roji
3%
Tararan
3%
Aruyutayan V
2%
Banzaburo
2%
Batchee
2%
Buhikku
2%
Chiya
2%
Dragonosuke
2%
Fugetsu Omusubi
2%
Fukumi
2%
Gaburu
2%
Gram
2%
Gyoro
2%
Hokker
2%
Jigra
2%
Lines
2%
Miaouzaemon
2%
Mizuira
2%
Nugire Yainu
2%
Rint
2%
Sheep's Head
2%
Unigaro
2%
Uzuki Tempura
2%
Arrow
1%
Brahm
1%
Busshiri
1%
Coburn
1%
Daidalos
1%
Haritsu Kendiyo
1%
Hocha
1%
Honner
1%
Hyota
1%
Katsuzo
1%
Mizuta Madaisuki
1%
Mizuta Mawaritosuki
1%
Moine enflammé
1%
Professeur Clairedelune
1%
Torasaburo
1%
Ubau
1%
Willie Gallon
1%
Aucun quiz correspondant
Distribution des résultats
% des personnes avec chaque résultat
Percentile par nombre de réponses
Votre historique - résultats
Vous n’avez pas pris ce quiz